Charlie Heaton Filmography - Statistics

General Stats
  • This quiz has been taken 11 times
    3 since last reset
  • The average score is 2 of 18
Answer Stats
Type Year Name % Correct
Web Series 2016-2025 Stranger Things
100%
Film 2020 The New Mutants
50%
Film 2016 As You Are
0%
Film TBA Billy Knight
0%
TV Show 2015 CASUAL+Y
0%
TV Show 2015 DCI Banks
0%
TV Show TBA Industry
0%
Short Film 2014 Life Needs Courage
0%
Film 2017 Marrowbone
0%
Film 2021 No Future
0%
Film 2015 Rise of the Footsoldier Part II
0%
Film 2016 Shut In
0%
TV Show 2020 Soulmates
0%
Short Film 2017 The Performers: Act III
0%
Short Film 2015 The Schoolboy
0%
Film 2021 The Souvenir Part II
0%
Film 2015 Urban & the Shed Crew
0%
TV Show 2015 Vera
0%
No matching quizzes found
Score Distribution
Percent of People with Each Score
Percentile by Number Answered
Your Score History
You have not taken this quiz since the last reset